• 首页
  • 本馆介绍
  • 公告通知
  • 最新文献
  • 馆藏检索
  • 电子资源
  • 读者导购
  • 参考咨询
  • 我的图书馆
  • 登录
  • 详细信息显示
  • 放入我的书架
  • 预约/预借图书
  • 作者相关作品
  • 分类相关作品
  • 丛书相关作品
  • 出版社相关作品

书目信息

  • 表格格式
  • 工作单格式
  • 卡片格式
题名:
无机与分析化学实验
    
 
作者: 高嵩 , 张学军 , 王传胜 主编
分册:  
出版信息: 北京   化学工业出版社  2011.8
页数: 166页
开本: 26cm
丛书名:
单 册:
中图分类: O61-33 , O652.1
科图分类:
主题词: 无机化学--实验--高等学校--教材 , 分析化学--实验--高等学校--教材
电子资源:
ISBN: 978-7-122-11896-7
000 01029nam0 2200289 45
001 1360576359
005 20130530170514.26
010    @a978-7-122-11896-7@dCNY20.00
100    @a20130513d2011 em y0chiy50 ea
101 0  @achi
102    @aCN@b110000
105    @ay z 000yy
106    @ar
200 1  @a无机与分析化学实验@AWu Ji Yu Fen Xi Hua Xue Shi Yan@f高嵩,张学军,王传胜主编@FGao Song, Zhang Xue Jun, Wang Chuan Sheng Zhu Bian
210    @a北京@c化学工业出版社@d2011.8
215    @a166页@d26cm
300    @a高等学校教材
330    @a本书共七章,包括基础知识和基本操作、化学原理及基本操作训练、化学物理量的测定、元素化学实验、定量分析实验、综合实验和设计实验共59个实验。
606 0  @a无机化学@x实验@x高等学校@j教材
606 0  @a分析化学@x实验@x高等学校@j教材
690    @aO61-33@v5
690    @aO652.1@v5
701  0 @a高嵩@AGao Song@4主编
701  0 @a张学军@AZhang Xue Jun@4主编
701  0 @a王传胜@AWang Chuan Sheng@4主编
801    @aCN@bTANGWEI@c20130523
905    @b0835694-97@dO61-33@e151@f4
    
    无机与分析化学实验/高嵩,张学军,王传胜主编.-北京:化学工业出版社,2011.8
    166页;26cm
    高等学校教材
    
    ISBN 978-7-122-11896-7:CNY20.00
    本书共七章,包括基础知识和基本操作、化学原理及基本操作训练、化学物理量的测定、元素化学实验、定量分析实验、综合实验和设计实验共59个实验。
●
相关链接 在E读中查询图书 在五车中查询图书 在当当中查询图书 在豆瓣中查询图书


正题名:无机与分析化学实验     索取号:O61-33/151         预约/预借

序号 登录号 条形码 馆藏地/架位号 状态 备注
1 0835694   208356946   第二样本阅览室/ [索取号:O61-33/151] 在馆    
2 0835695   208356955   密集书库-化学系/ [索取号:O61-33/151] 在馆    
3 0835696   208356964   第三借阅区/ [索取号:O61-33/151] 在馆    
4 0835697   208356973   第三借阅区/ [索取号:O61-33/151] 在馆    
唐山师范学院图书馆 欢迎您!
大连网信软件有限公司© 版权所有